Genius Level General Knowledge - Multiple Choice #9 - Statistics

General Stats
  • This quiz has been taken 46 times
  • The average score is 6 of 10
Answer Stats
Question Answer % Correct
What director famously refers to his movies as "joints"? Spike Lee
68%
What was created by Satoshi Nakamoto? Bitcoin
63%
Which of these authors wrote in Middle English, considered to be semi-comprehensible to modern speakers? Geoffrey Chaucer
59%
Which Nobel Prize is NOT awarded in Sweden? Peace
59%
What animal was reintroduced to Yellowstone National Park in the 1990s? Wolves
59%
Triton is a moon of which planet? Neptune
56%
What is the 118th and heaviest element in the Periodic Table? Oganesson
56%
"The Bund" is a historic waterfront district in what city? Shanghai
54%
Who painted "The School of Athens"? Raphael
44%
In what empire was the emperor elected by a group of seven princes? Holy Roman Empire
41%
No matching quizzes found
Score Distribution
Percent of People with Each Score
Percentile by Number Answered
Your Score History
You have not taken this quiz